Tilastot visalle Ihmiskehon yleisimmät alkuaineet

Klikkaa tästä pelataksesi tätä visaa!

Yleistilastot

  • Tätä visaa on pelattu 1 585 kertaa
  • Keskiarvotulos 8 / 12

Vastaustilastot

OsuusAlkuaine% Oikein
65%Happi
98%
10%Vety
91%
18%Hiili
86%
3%Typpi
85%
0,006%Rauta
81%
1,4%Kalsium
70%
0,25%Kalium
63%
0,05%Magnesium
57%
0,15%Natrium
50%
0,25%Rikki
42%
1,1%Fosfori
41%
0,15%Kloori
30%

Tulosjakauma

Persentiili vastausten määrän mukaan

Jokaisen tuloksen saaneiden osuus

Tuloshistoriasi

Et ole pelannut tätä visaa